Central Library OPAC University of Rajshahi

Religion and the modern mind / (Record no. 31502)

MARC details
000 -LEADER
fixed length control field 00721cam a22002651 4500
001 - CONTROL NUMBER
control field 31502
003 - CONTROL NUMBER IDENTIFIER
rucl marc code BD-RjUL
005 - DATE AND TIME OF LATEST TRANSACTION
control field 20211209051717.0
008 - FIXED-LENGTH DATA ELEMENTS--GENERAL INFORMATION
fixed length control field 140420s1953 pau 000 0 eng
020 ## - INTERNATIONAL STANDARD BOOK NUMBER
International Standard Book Number 0397001428
035 ## - SYSTEM CONTROL NUMBER
System control number (BD-RjUL)31590
040 ## - CATALOGING SOURCE
Original cataloging agency DLC
Transcribing agency DLC
Modifying agency DLC
-- BD-RjUL
Language of cataloging eng
041 ## - LANGUAGE CODE
Language code of text/sound track or separate title eng
082 00 - DEWEY DECIMAL CLASSIFICATION NUMBER
Classification number 201
Author mark and year STR 1953
100 1# - MAIN ENTRY--PERSONAL NAME
Personal name Stace, W. T.
Fuller form of name (Walter Terence),
Dates associated with a name 1886-
9 (RLIN) 59959
245 10 - TITLE STATEMENT
Title Religion and the modern mind /
Statement of responsibility, etc. W. T. Stace.
250 ## - EDITION STATEMENT
Edition statement [1st ed.]
260 ## - PUBLICATION, DISTRIBUTION, ETC. (IMPRINT)
Place of publication, distribution, etc. Philadelphia :
Name of publisher, distributor, etc. Lippincott,
Date of publication, distribution, etc. c 1952.
300 ## - PHYSICAL DESCRIPTION
Pagination 285 p. ;
Size 22 cm.
650 #0 - SUBJECT ADDED ENTRY--TOPICAL TERM
Topical term or geographic name as entry element Religion
General subdivision Philosophy.
9 (RLIN) 4031
Topical term or geographic name as entry element Skepticism.
9 (RLIN) 65028
942 ## - ADDED ENTRY ELEMENTS (KOHA)
Source of classification or shelving scheme Dewey Decimal Classification
Koha item type Books
Holdings
Lost status Source of classification or shelving scheme Damaged status Not for loan Permanent Location Current Location Shelving location Date acquired Source of acquisition Cost, normal purchase price Total Checkouts Full call number Date last seen Copy number Koha item type Collection code
  Dewey Decimal Classification     Central Library, University of Rajshahi Central Library, University of Rajshahi   09/07/1974 U.S. gov. gift 0.00   201 STR 1952 20/04/2014 C-2 Books  
  Dewey Decimal Classification     Central Library, University of Rajshahi Central Library, University of Rajshahi   19/01/1965 Zeitlinger 21.00   201 STR 1953 24/04/2014 C-7 Books Non-fiction
  Dewey Decimal Classification     Central Library, University of Rajshahi Central Library, University of Rajshahi   19/01/1965 Zeitlinger 21.00   201 STR 1953 24/04/2014 C-6 Books Non-fiction
  Dewey Decimal Classification   Not For Loan Central Library, University of Rajshahi Central Library, University of Rajshahi Reading Room 19/01/1965 Zeitlinger 21.00   201 STR 1953 31/08/2022 C-1 Books Non-fiction